| 000 | 00357nam a22001457a 4500 | ||
|---|---|---|---|
| 008 | 210304b ||||| |||| 00| 0 eng d | ||
| 020 | _a0812020693 | ||
| 041 | _aeng | ||
| 080 |
_22nd _a541 |
||
| 082 | _a541 | ||
| 100 | _a12 | ||
| 101 | _aKIM | ||
| 245 |
_aHow to Prepare for College Board Achievement Tests Chemistry _cMascetta, J. A |
||
| 942 |
_2udc _cBK |
||
| 999 |
_c55760 _d55760 |
||